Skoczkowie którzy mają wielkiego szlema. - Statystyki

Ogólne statystyki
  • Ten quiz został rozwiązany 32 razy
  • Średni wynik to 2 z 5
Statystyki odpowiedzi
Kraj Skoczek % Poprawnych
Polska Kamil Stoch
100%
Austria Thomas Morgenstern
43%
Niemcy (RFN) Jens Weissflog
40%
Norwegia Espen Bredesen
33%
Finlandia Matti Nykaenen
30%
Nie znaleziono quizów pasujących do podanych kryteriów
Rozkład punktacji
Procent ludzi z każdym wynikiem
Percentyl według liczby udzielonych odpowiedzi
Twoja historia wyników
Nie rozwiązałeś tego quizu